[Event "Nizhnij Novgorod Region-ch"]
[Site "Nizhnij Novgorod"]
[Date "2013.10.19"]
[Round "1"]
[White "Rozkov, Nikolai"]
[Black "Chubarov, Yuri"]
[Result "1-0"]
[WhiteElo "2393"]
[BlackElo "2074"]
[PlyCount "81"]
[EventDate "2013.10.19"]
[EventType "swiss"]
[EventRounds "9"]
[EventCountry "RUS"]
[SourceTitle "EXT 2014"]
[Source "ChessBase"]
[SourceDate "2013.11.20"]
[SourceVersion "1"]
[SourceVersionDate "2013.11.20"]
[SourceQuality "1"]

1. e4 c5 2. Nf3 d6 3. d4 cxd4 4. Nxd4 Nf6 5. Nc3 Nc6 6. g3 e6 7. Bg2 Be7 8. Nxc6 bxc6 9. e5 Nd5 10. exd6 Qxd6 11. 0-0 0-0 12. Ne4 Qc7 13. c4 Nf6 14. Qe2 Bb7 15. Nc3 Rad8 16. Bf4 Qc8 17. Rfd1 Ba6 18. Be5 Qb7 19. Na4 Qb4 20. b3 c5 21. g4 Nd7 22. Bc7 Bf6 23. Bxd8 Rxd8 24. Rac1 Bd4 25. Qd2 Qb8 26. Qa5 Qc8 27. Nc3 Ne5 28. h3 Ng6 29. Ne2 Nh4 30. Bh1 h5 31. Nxd4 cxd4 32. Qg5 Ng6 33. gxh5 Nh8 34. h6 Ng6 35. Be4 gxh6 36. Qxh6 Bb7 37. Bxg6 fxg6 38. Qxg6+ Kh8 39. Qh6+ Kg8 40. Rd3 Kf7 41. Rg3 1-0

[Event "Nizhnij Novgorod Region-ch"]
[Site "Nizhnij Novgorod"]
[Date "2013.??.??"]
[Round "9"]
[White "Markelova, Lubov"]
[Black "Rozkov, Nikolai"]
[Result "1/2-1/2"]
[WhiteElo "2115"]
[BlackElo "2393"]
[PlyCount "34"]
[EventDate "2013.10.19"]
[EventType "swiss"]
[EventRounds "9"]
[EventCountry "RUS"]
[SourceTitle "EXT 2014"]
[Source "ChessBase"]
[SourceDate "2013.11.20"]
[SourceVersion "1"]
[SourceVersionDate "2013.11.20"]
[SourceQuality "1"]

1. Nf3 c5 2. c4 Nf6 3. Nc3 e6 4. g3 b6 5. Bg2 Bb7 6. 0-0 Be7 7. Re1 d6 8. e4 a6 9. d4 cxd4 10. Nxd4 Qc7 11. Qe2 Nbd7 12. b3 b5 13. Bb2 bxc4 14. Rac1 Ne5 15. Na4 Qa5 16. Bc3 Qd8 17. bxc4 0-0 1/2-1/2

[Event "Nizhnij Novgorod Region-ch"]
[Site "Nizhnij Novgorod"]
[Date "2013.??.??"]
[Round "4"]
[White "Yatzenko, Anton"]
[Black "Rozkov, Nikolai"]
[Result "0-1"]
[WhiteElo "2384"]
[BlackElo "2393"]
[PlyCount "86"]
[EventDate "2013.10.19"]
[EventType "swiss"]
[EventRounds "9"]
[EventCountry "RUS"]
[SourceTitle "EXT 2014"]
[Source "ChessBase"]
[SourceDate "2013.11.20"]
[SourceVersion "1"]
[SourceVersionDate "2013.11.20"]
[SourceQuality "1"]

1. d4 Nf6 2. c4 e6 3. Nf3 c5 4. d5 exd5 5. cxd5 Bd6 6. g3 Bc7 7. Bg2 d6 8. 0-0 0-0 9. b3 Re8 10. Bb2 a6 11. a4 Nbd7 12. Na3 Rb8 13. h3 Nf8 14. Qd3 Bd7 15. Nd2 b5 16. axb5 axb5 17. Kh2 Ba5 18. Nc2 Bxd2 19. Qxd2 Ne4 20. Qc1 Ng6 21. Ra7 Ra8 22. Rxa8 Qxa8 23. Ne3 f5 24. Bxe4 Rxe4 25. Qc3 Qf8 26. Qd3 Qe7 27. Ra1 f4 28. Ra8+ Nf8 29. gxf4 Rxf4 30. f3 Qh4 31. Ng2 Qxh3+ 32. Kg1 Qg3 33. Qe3 Bh3 34. Qf2 Qg6 35. Kh2 Bxg2 36. Ra7 Rf7 37. Rxf7 Kxf7 38. Qxg2 Qxg2+ 39. Kxg2 Nd7 40. Kg3 Nb6 41. e4 b4 42. Kf2 c4 43. Ke2 cxb3 0-1

[Event "Nizhnij Novgorod op"]
[Site "Nizhnij Novgorod"]
[Date "2012.10.09"]
[Round "4"]
[White "Rozkov, Nikolai"]
[Black "Smirnova, Anastasia"]
[Result "1-0"]
[WhiteElo "2422"]
[BlackElo "2079"]
[PlyCount "47"]
[EventDate "2012.10.06"]
[EventType "swiss"]
[EventRounds "9"]
[EventCountry "RUS"]
[SourceTitle "EXT 2013"]
[Source "ChessBase"]
[SourceDate "2012.11.22"]
[SourceVersion "1"]
[SourceVersionDate "2012.11.22"]
[SourceQuality "1"]

1. e4 e5 2. Nc3 Nc6 3. Bc4 Nf6 4. d3 Be7 5. f4 exf4 6. Bxf4 d6 7. Nf3 0-0 8. a3 Be6 9. Nd5 Bxd5 10. exd5 Ne5 11. Ba2 Nh5 12. Bd2 Bh4+ 13. g3 Re8 14. 0-0 Bf6 15. Nxe5 Rxe5 16. d4 Nxg3 17. hxg3 Re4 18. c3 Qd7 19. Bb1 Re7 20. Bd3 Rae8 21. Rxf6 gxf6 22. Qh5 Re4 23. Bxe4 Rxe4 24. Rf1 1-0

[Event "Kstovo"]
[Site "Kstovo"]
[Date "2011.09.08"]
[Round "6"]
[White "Rozkov, Nikolai"]
[Black "Matveev, Mikhail1111"]
[Result "1-0"]
[WhiteElo "2454"]
[BlackElo "2118"]
[PlyCount "53"]
[EventDate "2011.09.03"]
[EventType "tourn"]
[EventRounds "9"]
[EventCountry "RUS"]
[SourceTitle "EXT 2013"]
[Source "ChessBase"]
[SourceDate "2012.11.22"]
[SourceVersion "1"]
[SourceVersionDate "2012.11.22"]
[SourceQuality "1"]

1. e4 c5 2. Nf3 Nc6 3. Bb5 Nf6 4. e5 Nd5 5. 0-0 g6 6. Re1 Bg7 7. Nc3 Nc7 8. Bxc6 dxc6 9. Ne4 Ne6 10. d3 0-0 11. Be3 b6 12. Qd2 f6 13. exf6 exf6 14. Bh6 g5 15. Bxg7 Nxg7 16. Qc3 g4 17. Nfd2 Be6 18. Ng3 Qd4 19. Qxd4 cxd4 20. Ne2 Rad8 21. Nf4 Kf7 22. a4 Rfe8 23. a5 b5 24. b4 f5 25. f3 h5 26. h3 gxh3 27. Nxh3 1-0

[Event "Kstovo"]
[Site "Kstovo"]
[Date "2011.09.07"]
[Round "7"]
[White "Teterin, Sergey"]
[Black "Rozkov, Nikolai"]
[Result "0-1"]
[WhiteElo "2094"]
[BlackElo "2454"]
[PlyCount "43"]
[EventDate "2011.09.03"]
[EventType "tourn"]
[EventRounds "9"]
[EventCountry "RUS"]
[SourceTitle "EXT 2013"]
[Source "ChessBase"]
[SourceDate "2012.11.22"]
[SourceVersion "1"]
[SourceVersionDate "2012.11.22"]
[SourceQuality "1"]

1. e4 c5 2. Nf3 e6 3. c3 Nf6 4. e5 Nd5 5. d4 cxd4 6. cxd4 d6 7. Bb5+ Bd7 8. Bd3 Nc6 9. 0-0 Be7 10. exd6 Bxd6 11. Nc3 Nxc3 12. bxc3 Qc7 13. c4 0-0-0 14. Bb2 f6 15. Re1 Kb8 16. h3 Ne7 17. Nd2 Ng6 18. Bc3 e5 19. Be4 exd4 20. Bxd4 Bh2+ 21. Kh1 Bxh3 22. Nb3 0-1

[Event "Nizhnij Novgorod Dubinin Memorial 18th"]
[Site "Nizhnij Novgorod"]
[Date "2011.01.03"]
[Round "?"]
[White "Rozkov, Nikolai"]
[Black "Pristalov, Evgeny"]
[Result "1-0"]
[WhiteElo "2453"]
[BlackElo "2045"]
[PlyCount "29"]
[EventDate "2011.01.03"]
[EventType "swiss"]
[EventRounds "9"]
[EventCountry "RUS"]
[SourceTitle "EXT 2012"]
[Source "ChessBase"]
[SourceDate "2011.11.24"]
[SourceVersion "1"]
[SourceVersionDate "2011.11.24"]
[SourceQuality "1"]

1. e4 Nf6 2. e5 Nd5 3. d4 d6 4. Nf3 Bg4 5. Be2 e6 6. 0-0 Be7 7. h3 Bh5 8. c4 Nb6 9. exd6 cxd6 10. Nc3 0-0 11. b3 d5 12. c5 Nc8 13. b4 Nc6 14. b5 Na5 15. g4 1-0

[Event "Nizhnij Novgorod-ch HL"]
[Site "Nizhnij Novgorod"]
[Date "2009.11.14"]
[Round "?"]
[White "Rozkov, Nikolai"]
[Black "Shadrina, Tatiana"]
[Result "1-0"]
[WhiteElo "2445"]
[BlackElo "2381"]
[PlyCount "147"]
[EventDate "2009.11.14"]
[EventType "swiss"]
[EventRounds "9"]
[EventCountry "RUS"]
[SourceTitle "EXT 2022"]
[Source "ChessBase"]
[SourceDate "2021.10.06"]
[SourceVersion "1"]
[SourceVersionDate "2021.10.06"]
[SourceQuality "1"]

1. e4 e5 2. Nf3 Nc6 3. Bc4 Nf6 4. d3 Be7 5. 0-0 0-0 6. Re1 d6 7. a4 Re8 8. a5 Bf8 9. c3 Be6 10. Nbd2 Bxc4 11. Nxc4 d5 12. exd5 Qxd5 13. Qb3 e4 14. dxe4 Nxe4 15. Be3 Nd6 16. Nfd2 Ne5 17. Nxe5 Qxb3 18. Nxb3 Rxe5 19. Nd2 Rd5 20. a6 b6 21. Kf1 Rd8 22. Bf4 f6 23. Ne4 Kf7 24. Bxd6 Bxd6 25. Red1 Be5 26. Rxd5 Rxd5 27. Ke2 f5 28. Ng5+ Kg6 29. Nf3 Bf6 30. g3 Kf7 31. h4 h6 32. h5 Ke6 33. Ne1 Re5+ 34. Kd2 Re4 35. Nd3 Kd5 36. b3 Kc6 37. Rd1 Be7 38. f4 Kb5 39. Ra1 Bd6 40. c4+ Kc6 41. Rc1 Bc5 42. Ne5+ Kd6 43. Rd1 Bd4 44. Nf3 Kc5 45. Nh4 Re3 46. Nxf5 Rxb3 47. Nxd4 Kxd4 48. Kc2+ Kxc4 49. Rd7 c5 50. Rxg7 Ra3 51. g4 b5 52. g5 Rxa6 53. g6 b4 54. Rb7 Ra2+ 55. Kd1 Kd3 56. Ke1 Ke3 57. Kf1 Kf3 58. Kg1 Kg3 59. Kf1 Rf2+ 60. Ke1 Rxf4 61. g7 Re4+ 62. Kd2 Rg4 63. Rxa7 c4 64. Rc7 c3+ 65. Kc2 Rg5 66. Kb3 Kh4 67. Rc4+ Kh3 68. Rc7 Rg2 69. Kxb4 c2 70. Rc3+ Kh4 71. Rc4+ Kxh5 72. Rc5+ Rg5 73. g8Q Rxc5 74. Qe8+ 1-0

[Event "Nizhnij Novgorod-ch 61st"]
[Site "Nizhnij Novgorod"]
[Date "2009.03.??"]
[Round "?"]
[White "Rozkov, Nikolai"]
[Black "Gorishniy, Yuri"]
[Result "1-0"]
[WhiteElo "2456"]
[BlackElo "2085"]
[PlyCount "109"]
[EventDate "2009.03.06"]
[EventType "swiss"]
[EventRounds "9"]
[EventCountry "RUS"]
[SourceTitle "EXT 2010"]
[Source "ChessBase"]
[SourceDate "2010.11.25"]
[SourceVersion "1"]
[SourceVersionDate "2010.11.25"]
[SourceQuality "1"]

1. e4 c5 2. Nf3 Nc6 3. Bb5 d6 4. 0-0 Bd7 5. Re1 Nf6 6. h3 e6 7. c3 Be7 8. d4 cxd4 9. cxd4 d5 10. exd5 Nxd5 11. Nc3 0-0 12. Nxd5 exd5 13. Bf4 a6 14. Bxc6 Bxc6 15. Qb3 a5 16. Ne5 Bb4 17. Rec1 Qb6 18. Qg3 Kh8 19. Nd3 Rg8 20. a3 Be7 21. Re1 Bf6 22. Be5 Bxe5 23. Nxe5 Rgf8 24. Qc3 Rac8 25. Rac1 Kg8 26. Qd2 Bb5 27. Rxc8 Rxc8 28. Rc1 Qe6 29. Rxc8+ Qxc8 30. Ng4 Qd8 31. Qc3 h6 32. Ne3 Bc6 33. Qd2 f6 34. Nd1 a4 35. Nc3 Qe8 36. Qe2 Qxe2 37. Nxe2 Kf7 38. h4 g5 39. g3 Kg6 40. Kg2 Kf5 41. Kf3 h5 42. Nc3 Kg6 43. Nd1 Kf5 44. Ne3+ Ke6 45. Ke2 Kf7 46. Kd2 Ke6 47. Kc3 Bd7 48. Kb4 Kd6 49. Ka5 Ke6 50. Kb6 Bc6 51. Kc5 f5 52. hxg5 f4 53. gxf4 h4 54. f5+ Kf7 55. Kd6 1-0

[Event "Nizhnij Novgorod-ch 61st"]
[Site "Nizhnij Novgorod"]
[Date "2009.03.??"]
[Round "?"]
[White "Rozkov, Nikolai"]
[Black "Pristalov, Evgeny"]
[Result "1/2-1/2"]
[WhiteElo "2456"]
[BlackElo "1905"]
[PlyCount "71"]
[EventDate "2009.03.06"]
[EventType "swiss"]
[EventRounds "9"]
[EventCountry "RUS"]
[SourceTitle "EXT 2010"]
[Source "ChessBase"]
[SourceDate "2010.11.25"]
[SourceVersion "1"]
[SourceVersionDate "2010.11.25"]
[SourceQuality "1"]

1. e4 Nf6 2. Nc3 d5 3. e5 Ne4 4. Nce2 d4 5. c3 Nc6 6. cxd4 Ng5 7. d3 Ne6 8. Be3 Nexd4 9. Nxd4 Nxd4 10. Qa4+ Nc6 11. d4 Be6 12. Ne2 Bd5 13. Nf4 e6 14. Bb5 a6 15. Nxd5 Qxd5 16. Bxc6+ Qxc6 17. Qxc6+ bxc6 18. Rc1 Kd7 19. Ke2 a5 20. Rc4 Be7 21. Rhc1 Ra6 22. Ra4 Rb8 23. b3 Rb5 24. f4 g6 25. g4 Rb8 26. Rf1 Rb4 27. Rxb4 axb4 28. Ra1 c5 29. dxc5 Kc6 30. Kd3 Kb5 31. Ke4 Bxc5 32. Bxc5 Kxc5 33. Rc1+ Kb6 34. Rc2 c5 35. f5 Kb5 36. f6 1/2-1/2

[Event "Nizhnij Novgorod Dubinin Memorial 16th"]
[Site "Nizhnij Novgorod"]
[Date "2009.01.08"]
[Round "6"]
[White "Rakov, Mikhail"]
[Black "Rozkov, Nikolai"]
[Result "0-1"]
[WhiteElo "1975"]
[BlackElo "2456"]
[PlyCount "28"]
[EventDate "2009.01.03"]
[EventType "swiss"]
[EventRounds "9"]
[EventCountry "RUS"]
[SourceTitle "EXT 2010"]
[Source "ChessBase"]
[SourceDate "2010.11.25"]
[SourceVersion "1"]
[SourceVersionDate "2010.11.25"]
[SourceQuality "1"]

1. d4 Nf6 2. Nf3 e6 3. c4 c5 4. g3 cxd4 5. Nxd4 Nc6 6. Bg2 Qb6 7. Bxc6 bxc6 8. 0-0 d5 9. Nc3 Be7 10. a3 0-0 11. cxd5 cxd5 12. b4 Bd7 13. Be3 Qa6 14. Qb3 Rac8 0-1

[Event "Nizhnij Novgorod Region-ch op"]
[Site "Nizhnij Novgorod"]
[Date "2008.10.??"]
[Round "3"]
[White "Eliseev, Evgeny"]
[Black "Rozkov, Nikolai"]
[Result "1/2-1/2"]
[WhiteElo "2210"]
[BlackElo "2452"]
[PlyCount "92"]
[EventDate "2008.10.04"]
[EventType "swiss"]
[EventRounds "9"]
[EventCountry "RUS"]
[SourceTitle "EXT 2022"]
[Source "ChessBase"]
[SourceDate "2021.10.06"]
[SourceVersion "1"]
[SourceVersionDate "2021.10.06"]
[SourceQuality "1"]

1. e4 c5 2. c3 d5 3. exd5 Qxd5 4. d4 Nf6 5. Nf3 e6 6. Na3 Qd8 7. Nc4 Nc6 8. Be3 cxd4 9. Nxd4 Nxd4 10. Qxd4 Qxd4 11. Bxd4 Be7 12. Be2 0-0 13. Bf3 Rd8 14. 0-0-0 Nd5 15. Rhe1 b6 16. Ne5 Ba6 17. Nc6 Bg5+ 18. Kc2 Rdc8 19. Bxd5 exd5 20. Ne7+ Bxe7 21. Rxe7 Bb5 22. Re5 Bc6 23. Rg5 g6 24. h4 Re8 25. h5 Re2+ 26. Kb3 Rae8 27. hxg6 fxg6 28. Be3 Re4 29. Rd4 Rxd4 30. Bxd4 Bd7 31. a4 Bf5 32. a5 bxa5 33. Bxa7 h5 34. Rg3 Be4 35. Ka3 a4 36. Rg5 Bf5 37. Rg3 Kf7 38. Rf3 Ke6 39. Rf4 Be4 40. Bd4 Bf5 41. Be3 Be4 42. g3 Ke7 43. Bc5+ Ke6 44. Rf8 Kd7 45. Rf6 Kc7 46. Be3 Kd7 1/2-1/2

[Event "Kazan Region-ch 6th"]
[Site "Kazan"]
[Date "2008.01.28"]
[Round "6"]
[White "Konnov, Oleg"]
[Black "Rozkov, Nikolai"]
[Result "1/2-1/2"]
[WhiteElo "2325"]
[BlackElo "2456"]
[PlyCount "125"]
[EventDate "2008.01.23"]
[EventType "swiss"]
[EventRounds "9"]
[EventCountry "RUS"]
[SourceTitle "CBM 122 Extra"]
[Source "ChessBase"]
[SourceDate "2008.03.04"]
[SourceVersion "1"]
[SourceVersionDate "2008.03.04"]
[SourceQuality "1"]

1. d4 Nf6 2. c4 e6 3. Nf3 c5 4. d5 exd5 5. cxd5 Bd6 6. Nc3 Bc7 7. e4 d6 8. h3 0-0 9. Bd3 a6 10. a4 Nbd7 11. Bf4 Re8 12. 0-0 Nf8 13. Nd2 Ng6 14. Bg3 Rb8 15. Re1 b6 16. Qe2 Ra8 17. Nc4 Bb7 18. Qd2 Nh5 19. Bh2 Qf6 20. g3 Ne5 21. Nxe5 dxe5 22. Be2 Qg6 23. Bg4 Nf6 24. Bf5 Qh5 25. Kg2 h6 26. h4 Red8 27. f3 g6 28. Bh3 g5 29. hxg5 Qxg5 30. Qxg5+ hxg5 31. Bf5 Ne8 32. Bg1 Nd6 33. Bh3 c4 34. Be3 f6 35. Be6+ Kg7 36. Rh1 Rh8 37. g4 Rab8 38. Rxh8 Rxh8 39. Rc1 Rb8 40. Nb1 b5 41. Na3 Bc8 42. Bxc8 Nxc8 43. axb5 axb5 44. b3 Bd6 45. Nxc4 bxc4 46. bxc4 Rb3 47. Kf2 Ba3 48. Rc2 Kf7 49. c5 Ke7 50. c6 Kd6 51. Ke2 Kc7 52. Bc5 Rb2 53. Rxb2 Bxb2 54. Kd3 Nd6 55. Bxd6+ Kxd6 56. Kc4 Kc7 57. Kb5 Bd4 58. Ka6 Bc5 59. Kb5 Bd6 60. Ka6 Kb8 61. Kb6 Kc8 62. Kb5 Kc7 63. Ka6 1/2-1/2

[Event "Kazan Region-ch 6th"]
[Site "Kazan"]
[Date "2008.01.25"]
[Round "3"]
[White "Rozkov, Nikolai"]
[Black "Ivanov, Rostislav"]
[Result "1-0"]
[WhiteElo "2456"]
[BlackElo "2345"]
[PlyCount "99"]
[EventDate "2008.01.23"]
[EventType "swiss"]
[EventRounds "9"]
[EventCountry "RUS"]
[SourceTitle "CBM 122 Extra"]
[Source "ChessBase"]
[SourceDate "2008.03.04"]
[SourceVersion "1"]
[SourceVersionDate "2008.03.04"]
[SourceQuality "1"]

1. e4 c5 2. Nf3 d6 3. d4 cxd4 4. Nxd4 Nf6 5. Nc3 a6 6. Bg5 e6 7. f4 Be7 8. Qf3 0-0 9. 0-0-0 Qc7 10. Qg3 Nbd7 11. Bd3 Re8 12. Rhe1 Qc5 13. e5 dxe5 14. fxe5 Nh5 15. Qh4 Bxg5+ 16. Qxg5 g6 17. g4 Ng7 18. Nf3 f5 19. Qh6 b5 20. Be4 Ra7 21. Ng5 Nf8 22. gxf5 gxf5 23. Bf3 Rc7 24. Rd2 b4 25. Nce4 fxe4 26. Nxe4 Qe7 27. Nf6+ Kh8 28. Rg2 Bb7 29. Bxb7 Rxb7 30. Reg1 Rc8 31. Nh5 Ng6 32. Nxg7 Qxg7 33. Rxg6 Qxh6+ 34. Rxh6 Rbc7 35. Rg2 Rc6 36. b3 Rg8 37. Rxg8+ Kxg8 38. Rf6 Kg7 39. h4 h5 40. Rf4 Rc5 41. Rxb4 Rxe5 42. Rb6 a5 43. a4 Re4 44. Ra6 Kf6 45. Rxa5 Rxh4 46. Ra8 Rh1+ 47. Kb2 h4 48. a5 Kg7 49. a6 Rf1 50. a7 1-0

[Event "Kazan Region-ch 6th"]
[Site "Kazan"]
[Date "2008.01.23"]
[Round "1"]
[White "Rozkov, Nikolai"]
[Black "Matveeva, Olga"]
[Result "1-0"]
[WhiteElo "2456"]
[BlackElo "2175"]
[PlyCount "69"]
[EventDate "2008.01.23"]
[EventType "swiss"]
[EventRounds "9"]
[EventCountry "RUS"]
[SourceTitle "CBM 122 Extra"]
[Source "ChessBase"]
[SourceDate "2008.03.04"]
[SourceVersion "1"]
[SourceVersionDate "2008.03.04"]
[SourceQuality "1"]

1. e4 c5 2. Nf3 Nc6 3. Bb5 g6 4. 0-0 Bg7 5. c3 Nf6 6. Qa4 0-0 7. d4 cxd4 8. cxd4 d5 9. e5 Ne4 10. Bxc6 bxc6 11. Qxc6 Bg4 12. Nfd2 Rc8 13. Qa6 f6 14. Nxe4 dxe4 15. Qxa7 fxe5 16. d5 Rc7 17. Qa4 Be2 18. Re1 Rxc1 19. Rxc1 Qb6 20. Nc3 Qxf2+ 21. Kh1 Bh6 22. Rg1 Bd3 23. Nxe4 Qxb2 24. Rae1 Qb6 25. Qb3 Qd4 26. d6+ Bc4 27. Qh3 Kg7 28. dxe7 Re8 29. Qf3 Qb6 30. Qc3 Qe6 31. Nc5 Qf7 32. Qxe5+ Kg8 33. a4 Bf4 34. Qd4 Bc7 35. Nd7 1-0

[Event "Nizhnij Novgorod Region-ch"]
[Site "Nizhnij Novgorod"]
[Date "2007.10.??"]
[Round "?"]
[White "Kozlov, Alexander2222"]
[Black "Rozkov, Nikolai"]
[Result "0-1"]
[WhiteElo "1943"]
[BlackElo "2428"]
[PlyCount "70"]
[EventDate "2007.10.??"]
[EventType "swiss"]
[EventRounds "9"]
[EventCountry "RUS"]
[SourceTitle "EXT 2009"]
[Source "ChessBase"]
[SourceDate "2008.11.26"]
[SourceVersion "1"]
[SourceVersionDate "2008.11.26"]
[SourceQuality "1"]

1. d4 Nf6 2. Nf3 e6 3. Bg5 c5 4. e3 b6 5. c3 Bb7 6. Nbd2 Be7 7. Bd3 Nc6 8. 0-0 0-0 9. Rc1 cxd4 10. exd4 Nd5 11. Ne4 f5 12. Bxe7 Qxe7 13. Ng3 Nf4 14. Bb1 Qf6 15. Ne2 Ng6 16. c4 Nce7 17. Qb3 Kh8 18. Rfd1 Rac8 19. Ng3 Nf4 20. Qe3 Neg6 21. d5 exd5 22. Nxf5 Rfe8 23. Qa3 Ne2+ 24. Kf1 Nxc1 25. Nd6 Ba8 26. Rxc1 dxc4 27. Nxe8 Rxe8 28. Rxc4 Qe6 29. Rc1 Qe2+ 30. Kg1 Bxf3 31. gxf3 Nf4 32. Qc3 Qe7 33. Kh1 Qg5 34. Rg1 Qxg1+ 35. Kxg1 Ne2+ 0-1

[Event "Nizhnij Novgorod Elo"]
[Site "Nizhnij Novgorod"]
[Date "2007.10.??"]
[Round "?"]
[White "Rozkov, Nikolai"]
[Black "Belenov, Dmitry N"]
[Result "1-0"]
[WhiteElo "2370"]
[BlackElo "2364"]
[PlyCount "61"]
[EventDate "2007.10.??"]
[EventType "tourn"]
[EventRounds "9"]
[EventCountry "RUS"]
[SourceTitle "CBM 121 Extra"]
[Source "ChessBase"]
[SourceDate "2008.01.10"]
[SourceVersion "1"]
[SourceVersionDate "2008.01.10"]
[SourceQuality "1"]

1. e4 e6 2. d4 d5 3. Nc3 Nf6 4. Bg5 Bb4 5. e5 h6 6. Bd2 Bxc3 7. bxc3 Ne4 8. Qg4 g6 9. Bd3 Nxd2 10. Kxd2 c5 11. Nf3 Bd7 12. h4 Bc6 13. Bxg6 fxg6 14. Qxe6+ Qe7 15. Qxg6+ Qf7 16. h5 Rg8 17. Qxh6 Rxg2 18. Qe3 Na6 19. h6 0-0-0 20. Rag1 Rxg1 21. Rxg1 Rh8 22. e6 Qh5 23. Ne5 Be8 24. Nf7 Rf8 25. Rg7 cxd4 26. cxd4 Bxf7 27. exf7 Qf5 28. Rg8 Qxf7 29. Rxf8+ Qxf8 30. h7 Qh8 31. Qe6+ 1-0